000
00298nam a2200109Ia 4500
008
230907s9999||||xx |||||||||||||| ||und||
082
_a
629.2293
_b
BAY
100
_a
Bayram, İslam Şafak,
_9
115867
245
0
_a
Plug-in electric vehicle grid integration /
300
_a
xv, 270 pages :
942
_c
BK
999
_c
600009
_d
600009